| 000 | 00964cam a2200313 a 4500 | ||
|---|---|---|---|
| 001 | 3871137 | ||
| 003 | SISC | ||
| 005 | 20160601093200.0 | ||
| 008 | 891128t19901944nyu 000 1 eng | ||
| 010 | _a 89013970 | ||
| 020 | _a9780743234917 | ||
| 040 |
_aDLC _cDLC _dDLC |
||
| 050 | 0 | 0 |
_aPR 6023 .E926 _bP47 2003 |
| 082 | 0 | 0 | _a823/.912 |
| 100 | 1 |
_aLewis, C. S. _q(Clive Staples), _d1898-1963. |
|
| 245 | 1 | 0 |
_aPerelandra : _ba novel / _cC.S. Lewis. |
| 260 |
_aNew York : _bScribner. _c[2003], c1944. |
||
| 300 |
_a190 p. ; _c22 cm. |
||
| 650 | 0 |
_aRansom, Elwin (Fictitious character) _vFiction. |
|
| 650 | 0 |
_aLife on other planets _vFiction. |
|
| 650 | 0 |
_aCollege teachers _vFiction. |
|
| 650 | 0 |
_aGood and evil _vFiction. |
|
| 650 | 0 |
_aPhilologists _vFiction. |
|
| 650 | 0 |
_aLinguists _vFiction. |
|
| 655 | 7 |
_aScience fiction. _2gsafd |
|
| 906 |
_a7 _bcbc _corignew _d1 _eocip _f19 _gy-gencatlg |
||
| 942 |
_2lcc _cBK |
||
| 999 |
_c294967 _d294967 |
||